Ente O. N. V. : (Record no. 82772)

MARC details
000 -LEADER
fixed length control field 00786nam a22002177a 4500
003 - CONTROL NUMBER IDENTIFIER
control field OSt
005 - DATE AND TIME OF LATEST TRANSACTION
control field 20240508092626.0
008 - FIXED-LENGTH DATA ELEMENTS--GENERAL INFORMATION
fixed length control field 240508b |||||||| |||| 00| 0 eng d
020 ## - INTERNATIONAL STANDARD BOOK NUMBER
International Standard Book Number 9789390520879
040 ## - CATALOGING SOURCE
Transcribing agency STCPL
041 ## - LANGUAGE CODE
Language code of text/sound track or separate title Malayalam
082 ## - DEWEY DECIMAL CLASSIFICATION NUMBER
Classification number 920.71
Item number PIR-E
100 ## - MAIN ENTRY--PERSONAL NAME
Personal name Murali, Pirappancode
Author in other language പിരപ്പൻകോട് മുരളി
245 ## - TITLE STATEMENT
Title Ente O. N. V. :
Remainder of title Arivukal Anubhavangal Ormappeduthalukal /
Statement of responsibility, etc. by Pirappancode Murali
Title in other language എൻ്റെ ഒ എൻ വി : അറിവുകൾ അനുഭവങ്ങൾ ഓർമ്മപ്പെടുത്തലുകൾ /
260 ## - PUBLICATION, DISTRIBUTION, ETC.
Place of publication, distribution, etc. Thiruvanthapuram :
Name of publisher, distributor, etc. The State Institute of Languages ,
Date of publication, distribution, etc. 2021 .
300 ## - PHYSICAL DESCRIPTION
Extent 475 p.
Other physical details Paper Back
650 ## - SUBJECT ADDED ENTRY--TOPICAL TERM
Topical term or geographic name entry element Malayalam
650 ## - SUBJECT ADDED ENTRY--TOPICAL TERM
Topical term or geographic name entry element Biography
942 ## - ADDED ENTRY ELEMENTS (KOHA)
Koha item type Books
942 ## - ADDED ENTRY ELEMENTS (KOHA)
Source of classification or shelving scheme Dewey Decimal Classification
Suppress in OPAC No
Holdings
Withdrawn status Lost status Source of classification or shelving scheme Damaged status Collection code Not for loan Home library Current library Shelving location Date acquired Total Checkouts Full call number Barcode Date last seen Price effective from Koha item type
    Dewey Decimal Classification   Malayalam   ST. THOMAS COLLEGE LIBRARY, PALAI ST. THOMAS COLLEGE LIBRARY, PALAI Malayalam 2024-05-08   920.71 PIR-E 91224 2024-05-08 2024-05-08 Books
Rights reserved ©2021 ST. THOMAS COLLEGE LIBRARY
A joint venture of - St. Thomas College Library and
Department of Computer Science, St. Thomas Collge Palai